| 000 | 00555nam a2200193 i 4500 | ||
|---|---|---|---|
| 001 | 59070 | ||
| 003 | ES-MaACL | ||
| 005 | 20230906163944.0 | ||
| 007 | t| | ||
| 008 | 031027s1914 fr ||||1| fre d | ||
| 100 | 1 |
_aEdmond, M. _946645 |
|
| 245 | 1 | 0 |
_aConstructions navales _b: accesoires de coque / _cM. Edmond. |
| 260 |
_a[S.l. : _bs.n., _c1914] ( _eTours : _fMame) |
||
| 300 |
_aXVIII, 300 p. ; _c18 cm. |
||
| 490 | 1 | _aEncyclopédie scientifique | |
| 830 | 0 |
_aEncyclopédie scientifique _9180883 |
|
| 852 |
_aES-MaACL _jD-4370 |
||
| 999 |
_c59070 _d59070 |
||